000 00909nam a2200241Ii 4500
003 JO-AjNU
008 230605s9999||||xx |||||||||||||| ||und||
017 _a2006/12/3423
020 _a9957-417-17-7
040 _aJO-AjNU
_bara
_erda
_cJO-AjNU
041 _aara
050 1 4 _aDS36.88.H3724 2006
100 3 _aبن طلال، الحسن,
_eauthor
_945220
245 0 0 _aفي الفكر العربي النهضوي: دراسات ومقالات - إضائات وشهادات
250 _aط1
264 3 1 _aعمان: منتدى الفكر العربي، 2006
300 _a304ص
_bملحق من ص(289- 304)، صور فوتوغرافية من ص(389-296)
336 _atext
_btxt
_2rdacontent
337 _aunmediated
_bn
_2rdamedia
338 _avolume
_bnc
_2rdacarrier
490 0 _aاصدارات خاصة؛ (1)
650 4 _aالدراسات- المقالات- الثقافة العربية
_945221
999 _aA19585
_c23153
_d23153